BTS Boy With Luv - Lyrics - Statistics

General Stats
  • This quiz has been taken 20 times
  • The average score is 212 of 271
Answer Stats
Lyrics % Correct
Oh,
100%
(Oh
100%
oh
100%
oh,
100%
Oh
100%
(Oh)
100%
(Oh,
100%
oh)
100%
(Ooh
100%
ooh,
100%
yeah,
100%
yeah)
100%
Yeah,
100%
(Yeah)
100%
You
100%
me
94%
a
89%
baby
89%
Baby
89%
boy
89%
(Boy
89%
Boy
89%
love
89%
love)
89%
Love
89%
makin'
89%
my
89%
my,
89%
so
89%
tell
89%
with
89%
with,
89%
with)
89%
your
89%
Your
89%
day?
83%
every
83%
fast
83%
how's
83%
I
83%
(I
83%
Listen,
83%
one,
83%
two
83%
be
78%
Come
78%
picture
78%
teacher
78%
want
78%
fly
72%
high
72%
stronger
72%
text
72%
got
67%
no)
67%
(No
67%
something
67%
Than
67%
than
67%
(Than
67%
is
61%
nothing
61%
right
61%
Right
61%
(Right)
61%
way)
61%
you're
61%
ah
56%
for
56%
For
56%
it)
56%
life
56%
life)
56%
moment,
56%
(Mo-moment,
56%
all
50%
(All
50%
bae
50%
waited
50%
have
44%
longer
44%
I've
39%
Let
39%
(Uh)
39%
ayy,
33%
ayy
33%
ya
33%
(Ya,
33%
ya)
33%
(Hope
22%
Looking
22%
world)
22%
But
6%
sky,
6%
(Alright)
0%
hall
0%
No matching quizzes found
Score Distribution
Percent of People with Each Score
Percentile by Number Answered
Your Score History
You have not taken this quiz